| 000 | 00759nac a22002537a 4500 | ||
|---|---|---|---|
| 001 | BR7401209 | ||
| 003 | BR-BrBNA | ||
| 005 | 20240105113752.0 | ||
| 008 | 230509b bl.|||m| |||| 00| 0 por d | ||
| 040 |
_aBR-BrBNA _bpor _cBiblioteca Nacional de Agricultura |
||
| 072 | _aH20 | ||
| 090 | _a0180 BR7401209 | ||
| 110 | 1 |
_aInstituto Agronomico do Sul, Pelotas, RS (Brasil) _95634 |
|
| 245 | 1 | _aComo combater a carie do trigo [Tilletia foetida] | |
| 260 | 3 |
_aPelotas, RS (Brasil): _c1956. |
|
| 300 | _a3 p. | ||
| 490 |
_aComunicado - Instituto Agronomico do Sul (Brazil) _vno. 10 _x |
||
| 650 | _aTRIGO | ||
| 650 | _aCARIE | ||
| 650 | _aCONTROLE QUIMICO | ||
| 650 | _aFUNGO | ||
| 909 |
_a202312 _bLúcia Elande _c55 _dLúcia Elande |
||
| 942 |
_2AGRIS _n0 _cMS |
||
| 999 |
_c265464 _d265464 |
||